Statistiken für 15/15 Impossible (Music Edition)

Klicken Sie hier um das Quiz zu spielen!

Allgemein

  • Dieses Quiz wurde 119 mal gespielt
  • Das Durchschnittsergebnis liegt bei 4 aus 15

Antwortstatistiken

HintAntwort% Korrekt
Mit welchem Hit wurde Tom Odell weltberühmt?Another Love
69%
Von welchem Musiker kooperiert Adidas um die "Yeezy" Schuhe auf den Markt zu bringen?Kanye West
58%
Welches Lied war in Deutschland am häufigsten in den Charts?Last Christmas
42%
Wodurch starb Amy Winehouse?Alkohol
40%
In welcher Stadt hatten die Beatles ihren ersten Auftritt?Hamburg
39%
In welcher Stadt starb Jimi Hendrix?London
38%
Wer gilt als die "Queen of Soul"?Aretha Franklin
22%
Aus welcher Stadt stammt der Tango?Buenos Aires
22%
Zu welcher Band gehören Richard Kruspe, Christian Lorenz und Paul Landers?Rammstein
22%
Wie heißt der Gitarrist der Red Hot Chili Peppers?John Frusciante
5%
Wie lautet der bürgerliche Name der Sängerin "Rihanna"?Robyn Rihanna Fenty
5%
Bei welchem Fußballverein spielte Peter Schilling in der Jugend bevor er Sänger wurde?VFB Stuttgart
4%
Aus welchem Ort kommt Kurt Cobain?Aberdeen
1%
Wer hat die Musik für Super Mario komponiert?Mahito Yokota
0%
Wer komponierte den Hummelflug?Noklai Korsakow
0%

Verteilung der Resultate

Perzentil nach korrekt beantworteten Fragen

Anzahl Personen mit jedem Resultat

Ihre Resultats-Entwicklung

Sie haben dieses Quiz noch nicht gespielt